Dänemark A-Z - Statistiken

Allgemein
  • Dieses Quiz wurde 220 mal gespielt
  • Das Durchschnittsergebnis liegt bei 16 aus 26
Antwortstatistiken
# Hinweis Antwort % Korrekt
D Nachbarland Deutschland
98%
K Hauptstadt Kopenhagen
96%
O Meer Ostsee
94%
G Autonomer Bestandteil Dänemarks (kein Teil der EU) Grönland
89%
J Halbinsel im Westen Jütland
85%
A Zweitgrößte Stadt Aarhus
84%
R 2018 konnte Dänemark bei der Fußball-WM in diesem Land das Achtelfinale erreichenEine von vier Achtelfinalteilnahmen Dänemarks Russland
83%
U Dänemark ist Gründungsmitglied dieser internationalen Organisation UNO
83%
F Autonomer Bestandteil Dänemarks (kein Teil der EU) Färöer
81%
W Gruppen von Kriegern und Händlern die von Dänemark und der skandinavischen Halbinsel aus große Teile Europas und des Nordatlantiks erkundeten, besiedelten und plünderten Wikinger
80%
M Königin Margrethe II.
76%
I Wurde 1918/44 von Dänemark unabhängig Island
75%
Z Dänemark hat 4 (-3, -1, 0, 1 | WGT, AZOST, WET/ UTC, CET/ MEZ) Zeitzonen
73%
N Königreich das mit Dänemark von 1380-1397 in Personalunion und von 1397-1814 in Realunion stand Norwegen
71%
E Land das Dänemark 1346 an den Deutschen Orden verkaufte Estland
64%
P Nachbarland 1814-1815 und 1864-1867/1871/1947 Preußen
62%
C Dieser König führte 1536 die Reformation ein Christian III.
52%
B Am weitesten östlich gelegene Hauptinsel Fünftgrößte Insel Einige kleinere zu #B gehörende Inseln (Erbseninseln) liegen weiter östlich Bornholm
51%
S Größte und bevölkerungsreichste Insel Seeland
51%
H Konkurrent um die Vorherrschaft im #O-Raum im 14ten und 15ten Jahrhundert Hanse
35%
X Dänische Biermarke Enthält ein X Faxe
30%
T Parlament Folke{ting}
26%
Q Traditioneller BranntweinEnthält ein Q Aquavit
22%
L Sund der die Nordjütische Insel und Jütland trennt {Lim}fjord
21%
Y Landschaft im Westen der Nordjütischen InselEndet auf ein Y Thy
7%
V Landschaft im Osten der Nordjütischen Insel Vendsyssel
7%
Keine übereinstimmenden Quizze gefunden
Verteilung der Resultate
Anzahl Personen mit jedem Resultat
Perzentil nach korrekt beantworteten Fragen
Ihre Resultats-Entwicklung
Sie haben dieses Quiz noch nicht gespielt